书目信息 |
| 题名: |
线性代数与空间解析几何
|
|
| 作者: | 张国印 , 伍鸣 主编 | |
| 分册: | ||
| 出版信息: | 南京 南京大学出版社 2020.7 |
|
| 页数: | 229页 | |
| 开本: | 26cm | |
| 丛书名: | ||
| 单 册: | ||
| 中图分类: | O151.2 , O182.2 | |
| 科图分类: | ||
| 主题词: | 线性代数--高等学校--教材 , 空间几何--解析几何--高等学校--教材 , 线性代数 , 空间几何 , 解析几何 | |
| 电子资源: | ||
| ISBN: | 978-7-305-08674-8 | |
| 000 | 01096nam0 2200337 45 | |
| 001 | 012001000377 | |
| 005 | 20130911135159.0 | |
| 010 | @a978-7-305-08674-8@dCNY30.00 | |
| 090 | @aO151@bzgy | |
| 096 | @aO151@bzgy | |
| 100 | @a20120116d2011 em y0chiy50 ea | |
| 101 | 0 | @achi |
| 102 | @aCN@b320000 | |
| 105 | @ay z 000yy | |
| 106 | @ar | |
| 200 | 1 | @a线性代数与空间解析几何@Axian xing dai shu yu kong jian jie xi ji he@b专著@f张国印,伍鸣主编 |
| 210 | @a南京@c南京大学出版社@d2020.7 | |
| 215 | @a229页@d26cm | |
| 300 | @a21世纪应用型本科院校规划教材 | |
| 330 | @a本书包括行列式、矩阵及其运算、空间解析几何与向量代数、向量组的线性相关性与矩阵的秩、线性方程组、二次型与二交曲面、线性空间与线性变换等内容。 | |
| 606 | 0 | @a线性代数@x高等学校@j教材 |
| 606 | 0 | @a空间几何@x解析几何@x高等学校@j教材 |
| 606 | 0 | @a线性代数 |
| 606 | 0 | @a空间几何 |
| 606 | 0 | @a解析几何 |
| 690 | @aO151.2@v5 | |
| 690 | @aO182.2@v5 | |
| 701 | 0 | @a张国印@c(高等数学)@Azhang guo yin@4主编 |
| 701 | 0 | @a伍鸣@Awu ming@4主编 |
| 801 | 0 | @aCN@bBJSDL@c20211011 |
| 905 | @b1335117-9@dO151.2@e562@f3 | |
| 线性代数与空间解析几何/张国印,伍鸣主编.-南京:南京大学出版社,2020.7 |
| 229页;26cm |
| 21世纪应用型本科院校规划教材 |
| ISBN 978-7-305-08674-8:CNY30.00 |
| 本书包括行列式、矩阵及其运算、空间解析几何与向量代数、向量组的线性相关性与矩阵的秩、线性方程组、二次型与二交曲面、线性空间与线性变换等内容。 |
| ● |
| 相关链接 |
|
|
|
|
正题名:线性代数与空间解析几何
索取号:O151.2/562
 
预约/预借
| 序号 | 登录号 | 条形码 | 馆藏地/架位号 | 状态 | 备注 |
| 1 | 1335117 | 213351175 | 第二样本阅览室/ [索取号:O151.2/562] | 在馆 | |
| 2 | 1335118 | 213351184 | 第三借阅区/ [索取号:O151.2/562] | 在馆 | |
| 3 | 1335119 | 213351193 | 第三借阅区/ [索取号:O151.2/562] | 在馆 |